[Event "Trelew op"]
[Site "Trelew"]
[Date "2019.08.18"]
[Round "5"]
[White "Munoz, Raul"]
[Black "Feo, Diego"]
[Result "1-0"]
[WhiteElo "1973"]
[BlackElo "1820"]
[PlyCount "153"]
[EventDate "2019.08.16"]
[EventType "swiss"]
[EventRounds "7"]
[EventCountry "ARG"]
[SourceTitle "EXT 2020"]
[Source "ChessBase"]
[SourceDate "2019.10.17"]
[SourceVersion "1"]
[SourceVersionDate "2019.10.17"]
[SourceQuality "1"]

1. e4 c5 2. Nf3 d6 3. d4 cxd4 4. Nxd4 Nf6 5. Nc3 a6 6. Bg5 e6 7. f4 b5 8. a3 Bb7 9. Qf3 Qb6 10. Bxf6 gxf6 11. 0-0-0 Nc6 12. Nb3 Rc8 13. f5 Ne5 14. Qh3 exf5 15. Qxf5 Bg7 16. Nd5 Qd8 17. Kb1 Bc6 18. Be2 Bd7 19. Qf4 Be6 20. Rhf1 0-0 21. Nd4 f5 22. Nxf5 Bxd5 23. Rxd5 Qc7 24. c3 Rfd8 25. Nxg7 Kxg7 26. Qf6+ Kg8 27. Bh5 Ng6 28. h4 Rb8 29. Bxg6 fxg6 30. Qe6+ Kg7 31. h5 Rf8 32. Rh1 Rbe8 33. Qh3 Qc4 34. Qd7+ Kg8 35. Rd4 Rf1+ 36. Rxf1 Qxf1+ 37. Ka2 Qf7+ 38. Qxf7+ Kxf7 39. hxg6+ hxg6 40. Kb3 Ke6 41. Kb4 Rc8 42. Ka5 Rc6 43. Rd5 Kf6 44. Rd4 Ke6 45. a4 bxa4 46. Kxa4 Rc5 47. Kb3 Rg5 48. Rd2 Kd7 49. Kc4 Kc6 50. Kd4 Rg3 51. b4 Rg4 52. Ra2 Kb6 53. Kd5 Rg3 54. Kxd6 Rxc3 55. e5 Rc6+ 56. Kd5 Kc7 57. Rf2 Rb6 58. Rf7+ Kd8 59. Rf6 Rxb4 60. Rxg6 Rb5+ 61. Ke4 a5 62. g4 Ke7 63. Ra6 Rb4+ 64. Kf5 Rb2 65. Ra7+ Kf8 66. Rxa5 Rf2+ 67. Kg6 Ke7 68. g5 Rg2 69. Kh6 Rh2+ 70. Kg7 Ke8 71. g6 Rg2 72. Kh7 Rh2+ 73. Kg8 Rg2 74. g7 Rg5 75. Ra8+ Ke7 76. Rf8 Rxe5 77. Kh7 1-0

[Event "Villa Tehuelches op 5th"]
[Site "Villa Tehuelches"]
[Date "2019.07.12"]
[Round "3"]
[White "Munoz, Raul"]
[Black "Aguilar, Andres"]
[Result "0-1"]
[WhiteElo "1969"]
[BlackElo "2338"]
[PlyCount "74"]
[EventDate "2019.07.11"]
[EventType "swiss"]
[EventRounds "7"]
[EventCountry "CHI"]
[SourceTitle "CBM 191 Extra"]
[Source "ChessBase"]
[SourceDate "2019.09.30"]
[SourceVersion "1"]
[SourceVersionDate "2019.09.30"]
[SourceQuality "1"]

1. e4 c5 2. Nf3 Nc6 3. d4 cxd4 4. Nxd4 Nf6 5. Nc3 d6 6. Bg5 e6 7. Qd2 a6 8. 0-0-0 h6 9. Nxc6 bxc6 10. Bf4 d5 11. Qe3 Bb4 12. e5 Nh5 13. Ne2 Rb8 14. g4 Nxf4 15. Nxf4 Qa5 16. Kb1 Bc5 17. Qf3 Qb6 18. Nd3 Bd4 19. b3 Qa5 20. Nb2 Bxe5 21. Qe3 Qc3 22. Qxc3 Bxc3 23. Na4 Be5 24. Be2 Ke7 25. c4 h5 26. cxd5 cxd5 27. gxh5 Bd7 28. Nc5 Bb5 29. Nd3 Bf6 30. Rc1 Kd6 31. Rhd1 a5 32. Rc2 a4 33. Nc1 axb3 34. Nxb3 Bxe2 35. Rxe2 Rxh5 36. Rc2 Rxh2 37. Rf1 Rb6 0-1

[Event "Gibraltar Masters 17th"]
[Site "Caleta"]
[Date "2019.01.28"]
[Round "7"]
[White "Giulian Jackson, Rosemary"]
[Black "Munoz, Raul"]
[Result "1/2-1/2"]
[WhiteElo "1908"]
[BlackElo "2040"]
[PlyCount "128"]
[EventDate "2019.01.22"]
[EventType "swiss"]
[EventRounds "10"]
[EventCountry "GGB"]
[SourceTitle "CBM 188 Extra"]
[Source "ChessBase"]
[SourceDate "2019.02.26"]
[SourceVersion "1"]
[SourceVersionDate "2019.02.26"]
[SourceQuality "1"]

1. e4 c5 2. c3 d6 3. d4 Nd7 4. Be3 Ngf6 5. Nd2 e6 6. Ngf3 Be7 7. Bd3 0-0 8. 0-0 b6 9. Re1 Bb7 10. h3 Rc8 11. Qe2 Re8 12. e5 Nd5 13. Ne4 dxe5 14. dxe5 Qc7 15. Bb5 Red8 16. Bxd7 Rxd7 17. Bd2 h6 18. a3 c4 19. Ng3 b5 20. Nd4 a6 21. Qg4 Kh8 22. Ne4 Nb6 23. Qh5 Bf8 24. g4 Bxe4 25. Rxe4 Kg8 26. Qh4 Qd8 27. Qg3 Na4 28. g5 Nc5 29. Rh4 g6 30. gxh6 Be7 31. Rg4 Kh7 32. Be3 Qc7 33. h4 Rg8 34. h5 Rdd8 35. hxg6+ Rxg6 36. Rxg6 fxg6 37. Kh2 Rf8 38. Rg1 g5 39. f4 Kxh6 40. Rg2 Kg6 41. Kg1 Qb7 42. Qh3 Qe4 43. Nxe6 Rh8 44. f5+ Kf7 45. Qxh8 Qxe3+ 46. Kh2 Nxe6 47. fxe6+ Kxe6 48. Qh3+ Qxh3+ 49. Kxh3 Kxe5 50. Re2+ Kd6 51. Kg4 Kd7 52. Kf5 Bd6 53. Kxg5 Kc6 54. Kf5 Kd5 55. Rd2+ Kc5 56. Ke4 Bf8 57. Rf2 Be7 58. Re2 Bg5 59. Rg2 Bc1 60. Kf3 Kc6 61. Rc2 Bg5 62. Ke2 a5 63. Kd1 a4 64. Rg2 Bf4 1/2-1/2

[Event "Gibraltar Masters 17th"]
[Site "Caleta"]
[Date "2019.01.25"]
[Round "4"]
[White "Christophe Hayot, Romain"]
[Black "Munoz, Raul"]
[Result "0-1"]
[WhiteElo "1729"]
[BlackElo "2040"]
[PlyCount "84"]
[EventDate "2019.01.22"]
[EventType "swiss"]
[EventRounds "10"]
[EventCountry "GGB"]
[SourceTitle "CBM 188 Extra"]
[Source "ChessBase"]
[SourceDate "2019.02.26"]
[SourceVersion "1"]
[SourceVersionDate "2019.02.26"]
[SourceQuality "1"]

1. d4 d5 2. Nc3 Nf6 3. Bf4 e6 4. Nb5 Na6 5. a3 c5 6. e3 cxd4 7. exd4 Be7 8. Bd3 0-0 9. Nf3 Bd7 10. Nc3 Qb6 11. Qc1 Rac8 12. 0-0 Nb8 13. Rd1 Nc6 14. h3 Rfd8 15. g4 Na5 16. Ne5 Be8 17. Be3 Nc4 18. Rb1 Qa5 19. Ne2 Nxe5 20. dxe5 Nd7 21. b4 Qc7 22. f4 Nb6 23. Bd4 Nc4 24. Rb3 Ba4 25. Rc3 a5 26. bxa5 Qxa5 27. f5 Bc5 28. Bxc4 Bxd4+ 29. Rxd4 dxc4 30. Qe3 Bc6 31. f6 Rxd4 32. Qg5 Rd1+ 33. Kf2 Qc5+ 34. Re3 Qf8 35. Nf4 Rcd8 36. fxg7 Qxg7 37. Qe7 R1d7 38. Qc5 Qg5 39. Kg3 Rd4 40. Nh5 Qxe3+ 41. Kh4 Rxg4+ 42. hxg4 Qxc5 0-1

[Event "Villa Tehuelches Cuarto op"]
[Site "Villa Tehuelches"]
[Date "2018.07.13"]
[Round "6"]
[White "Torres, Federico"]
[Black "Munoz, Raul"]
[Result "1-0"]
[WhiteElo "2181"]
[BlackElo "2027"]
[PlyCount "59"]
[EventDate "2018.07.11"]
[EventType "swiss"]
[EventRounds "7"]
[EventCountry "CHI"]
[SourceTitle "EXT 2020"]
[Source "ChessBase"]
[SourceDate "2019.10.17"]
[SourceVersion "1"]
[SourceVersionDate "2019.10.17"]
[SourceQuality "1"]

1. e4 c5 2. Nf3 e6 3. d3 Nc6 4. g3 g6 5. Bg2 Bg7 6. c3 e5 7. 0-0 Nge7 8. Re1 0-0 9. a3 d6 10. Nbd2 b6 11. b4 Bb7 12. b5 Nb8 13. Bb2 d5 14. exd5 Nxd5 15. Nxe5 Qc7 16. c4 Nf6 17. Bxb7 Qxb7 18. Qf3 Qxf3 19. Ndxf3 Re8 20. Ng5 Re7 21. Nef3 Rxe1+ 22. Rxe1 Nbd7 23. Re7 h6 24. Bxf6 Nxf6 25. Nxf7 a6 26. a4 axb5 27. axb5 g5 28. Rb7 Ra1+ 29. Kg2 Ra2 30. N3e5 1-0

[Event "Villa Tehuelches Cuarto op"]
[Site "Villa Tehuelches"]
[Date "2018.07.11"]
[Round "2"]
[White "Torres, Enzo Javier"]
[Black "Munoz, Raul"]
[Result "0-1"]
[WhiteElo "1617"]
[BlackElo "2027"]
[PlyCount "88"]
[EventDate "2018.07.11"]
[EventType "swiss"]
[EventRounds "7"]
[EventCountry "CHI"]
[SourceTitle "EXT 2019"]
[Source "ChessBase"]
[SourceDate "2018.10.10"]
[SourceVersion "1"]
[SourceVersionDate "2018.10.10"]
[SourceQuality "1"]

1. e4 c5 2. Nf3 e6 3. d4 cxd4 4. Qxd4 Nc6 5. Qd1 Nf6 6. Nc3 d6 7. Bd3 Be7 8. 0-0 0-0 9. b3 a6 10. a4 Qc7 11. Ba3 b6 12. Re1 Re8 13. b4 Ne5 14. Nxe5 dxe5 15. Qd2 Bb7 16. f3 Rac8 17. Nd1 Red8 18. Ne3 Ne8 19. c4 Qd7 20. Red1 Qxa4 21. Bb2 Qxb4 22. Qxb4 Bxb4 23. Bxe5 Bc5 24. Kf2 f6 25. Bc3 Nd6 26. Ke2 b5 27. Ba5 Re8 28. Rac1 Bxe3 29. Kxe3 Nxc4+ 30. Bxc4 Rxc4 31. Rxc4 bxc4 32. Kd4 Rc8 33. Kc3 Bc6 34. Rd8+ Rxd8 35. Bxd8 Kf7 36. Ba5 e5 37. Kd2 Ke6 38. g4 Ba4 39. Bc7 c3+ 40. Kc1 Bb5 41. f4 Bd3 42. f5+ Kf7 43. h4 Bxe4 44. Ba5 Bf3 0-1

[Event "Trelew Acevedo Cup"]
[Site "Trelew"]
[Date "2018.05.01"]
[Round "7"]
[White "Lowy, Tomas"]
[Black "Munoz, Raul"]
[Result "0-1"]
[WhiteElo "1810"]
[BlackElo "2051"]
[PlyCount "74"]
[EventDate "2018.04.27"]
[EventType "swiss"]
[EventRounds "7"]
[EventCountry "ARG"]
[SourceTitle "CBM 184 Extra"]
[Source "ChessBase"]
[SourceDate "2018.06.28"]
[SourceVersion "1"]
[SourceVersionDate "2018.06.28"]
[SourceQuality "1"]

1. e4 c5 2. Nf3 e6 3. d4 cxd4 4. Nxd4 Nf6 5. Bd3 Nc6 6. Be3 e5 7. Ne2 Ng4 8. Qd2 Bb4 9. Nbc3 Nxe3 10. Qxe3 0-0 11. 0-0 d6 12. Rad1 Be6 13. Kh1 Bc5 14. Qd2 a6 15. Na4 Bb4 16. c3 Ba5 17. b4 Bc7 18. Bb1 b5 19. Nb2 Qe7 20. a4 bxa4 21. Nxa4 Rfb8 22. Ba2 a5 23. Bd5 Qd7 24. Ra1 axb4 25. cxb4 Bxd5 26. Qxd5 Nxb4 27. Qd1 d5 28. exd5 Nxd5 29. Nec3 Rd8 30. Ne4 Qf5 31. Ng3 Qg6 32. Qf3 Nf4 33. Rfc1 Bd6 34. Ne4 Be7 35. g3 Nd3 36. Rd1 Qxe4 37. Rxd3 Qxd3 0-1

[Event "Trelew Acevedo Cup"]
[Site "Trelew"]
[Date "2018.04.29"]
[Round "4"]
[White "Paolini, Claudio P"]
[Black "Munoz, Raul"]
[Result "1/2-1/2"]
[WhiteElo "1937"]
[BlackElo "2051"]
[PlyCount "113"]
[EventDate "2018.04.27"]
[EventType "swiss"]
[EventRounds "7"]
[EventCountry "ARG"]
[SourceTitle "CBM 184 Extra"]
[Source "ChessBase"]
[SourceDate "2018.06.28"]
[SourceVersion "1"]
[SourceVersionDate "2018.06.28"]
[SourceQuality "1"]

1. e4 c5 2. Nf3 e6 3. d4 cxd4 4. Nxd4 Nf6 5. Bd3 d6 6. Nc3 a6 7. Be3 Be7 8. Qe2 b5 9. a3 0-0 10. g4 Qc7 11. g5 Nfd7 12. h4 Nc6 13. Nxc6 Qxc6 14. 0-0-0 Ne5 15. f4 Nxd3+ 16. Qxd3 Rb8 17. f5 Rd8 18. f6 Bf8 19. h5 a5 20. e5 b4 21. axb4 axb4 22. Nb1 Ba6 23. Qd4 Rdc8 24. Rh2 dxe5 25. Qxe5 Rd8 26. Rhd2 Rxd2 27. Rxd2 Rb5 28. Qg3 Rd5 29. g6 Rxd2 30. gxf7+ Kxf7 31. Nxd2 Qh1+ 32. Bg1 gxf6 33. Qg4 Bc5 34. Nf3 Bb7 35. h6 Bxf3 36. Qg7+ Ke8 37. Qg8+ Kd7 38. Qxh7+ Kc6 39. Qg6 Be3+ 40. Kb1 Qxh6 41. Qe8+ Kd6 42. Qb8+ Kd7 43. Qb5+ Bc6 44. Qd3+ Bd5 45. Bxe3 Qh1+ 46. Bc1 Ke7 47. b3 Be4 48. Qc4 Qe1 49. Kb2 Kf7 50. Qd4 e5 51. Qd2 Qxd2 52. Bxd2 f5 53. Bxb4 Ke6 54. Kc1 Bf3 55. Kd2 Kd5 56. Ke3 Bd1 57. Kd2 1/2-1/2

[Event "Chubut Province-ch"]
[Site "Chubut"]
[Date "2015.11.28"]
[Round "5"]
[White "Slomka, Gustavo"]
[Black "Munoz, Raul"]
[Result "1/2-1/2"]
[WhiteElo "1983"]
[BlackElo "2045"]
[PlyCount "34"]
[EventDate "2015.11.26"]
[EventType "swiss"]
[EventRounds "7"]
[EventCountry "ARG"]
[SourceTitle "CBM 169 Extra"]
[Source "ChessBase"]
[SourceDate "2015.12.18"]
[SourceVersion "1"]
[SourceVersionDate "2015.12.18"]
[SourceQuality "1"]

1. e4 c5 2. Nf3 e6 3. b3 a6 4. Bb2 d6 5. d4 cxd4 6. Nxd4 Nf6 7. Bd3 Be7 8. 0-0 Qc7 9. c4 Nbd7 10. Nc3 Ne5 11. Be2 Bd7 12. Rc1 h5 13. Qd2 Rd8 14. Nf3 Ng6 15. Nd4 Ne5 16. Nf3 Ng6 17. Nd4 Ne5 1/2-1/2

[Event "Chubut Province-ch"]
[Site "Chubut"]
[Date "2015.11.27"]
[Round "3"]
[White "Munoz, Raul"]
[Black "Tisera, Nicolas"]
[Result "0-1"]
[WhiteElo "2045"]
[BlackElo "2119"]
[PlyCount "66"]
[EventDate "2015.11.26"]
[EventType "swiss"]
[EventRounds "7"]
[EventCountry "ARG"]
[SourceTitle "CBM 169 Extra"]
[Source "ChessBase"]
[SourceDate "2015.12.18"]
[SourceVersion "1"]
[SourceVersionDate "2015.12.18"]
[SourceQuality "1"]

1. e4 d6 2. d4 Nf6 3. Nc3 g6 4. f4 Bg7 5. Nf3 Bg4 6. h3 Bxf3 7. Qxf3 c6 8. Bc4 b5 9. Bb3 b4 10. Ne2 d5 11. e5 Ne4 12. 0-0 e6 13. Be3 Nd7 14. c4 bxc3 15. bxc3 f5 16. c4 Bf8 17. cxd5 cxd5 18. Rfc1 Ba3 19. Rc6 Kf7 20. Ra6 Be7 21. g4 Nb6 22. Rc1 Qd7 23. gxf5 gxf5 24. Qh5+ Kg7 25. Kh2 Rhg8 26. a4 Kh8 27. Rg1 Bb4 28. a5 Qb7 29. Rxb6 axb6 30. Qh6 Rxg1 31. Nxg1 Qg7 32. Qxg7+ Kxg7 33. axb6 Rb8 0-1